| 000 | 00859nam a2200217Ia 4500 | ||
|---|---|---|---|
| 999 |
_c41249 _d41249 |
||
| 001 | 7902 | ||
| 003 | GE_BSU | ||
| 005 | 20200115160012.0 | ||
| 008 | 181216s2006||||ge |||||||||||||| ||geo|| | ||
| 020 | _a9992849193 | ||
| 040 | _cGE_BSU | ||
| 041 | _ageo | ||
| 080 | _a316.61+342.5 თ–41 | ||
| 100 |
_aთებიძე, თამაზ _96133 |
||
| 245 |
_aპიროვნება და ხელისუფლება _cთამაზ თებიძე; სამეც. რედ. ნოდარ ფუტკარაძე. |
||
| 264 |
_aბათუმი : _bბათუმის იურიდიული აკადემია, _c2006. |
||
| 300 |
_a95 გვ.; _b20 სმ. |
||
| 653 | _aსამართალი | ||
| 700 |
_aფუტკარაძე, ნოდარ _eრედაქტორი _92376 |
||
| 942 |
_cBK _2udc |
||